| 000 | 02329cas a2200505 a 4500 | ||
|---|---|---|---|
| 001 | 11033 | ||
| 003 | BD-RjUL | ||
| 005 | 20211208235047.0 | ||
| 008 | 140126s1967 ny aa p 0 1 a0eng | ||
| 030 |
_aCLCMAB _zCCMPA7 |
||
| 035 | _a(BD-RjUL)11082 | ||
| 040 |
_aDLC _cDLC _dNSDP _dMH _dOCoLC _dAIP _dMH _dAIP _dNSDP _dNST _dMH _dPBL _dDLC _dDNLM _dInU _dOCoLC _dDLC _dMCM _dOCoLC _dMCM _dGOSCI _dOCoLC _dCU-A _dDLC _dBD-RjUL _beng |
||
| 041 | 0 |
_aeng _bfre _bger _brus |
|
| 082 | 4 |
_a552.5 _bCLA |
|
| 245 | 0 | 0 |
_aClays and clay minerals : _bproceedings of the fifteenth conference pittsburgh, pennsylvania / _cconducted by The clay minerals society, editor S. W> Bailey and others. _nVolume 27 |
| 250 | _a1st ed. | ||
| 260 |
_aOxford ; _aNew York : _bSymposium Publications Division, Pergamon Press, _cc1967. |
||
| 260 | 2 |
_aBoulder, CO : _bClay Minerals Society |
|
| 260 | 3 |
_aChantilly, VA : _bClay Minerals Society |
|
| 300 |
_av. : _bill. ; _c27 cm. |
||
| 321 |
_aAnnual, _b1965-66 |
||
| 490 | 1 | _aInternational series of monographs on earth sciences | |
| 500 | _aTitle from cover. | ||
| 504 | _aIncludes bibliographical references and index. | ||
| 510 | 2 |
_aChemical abstracts _x0009-2258 |
|
| 550 | _aVol. for 1965 constitutes the proceedings of the National Conference on Clays and Clay Minerals; vol. for 1966 constitutes the proceedings of the Clay Minerals Conference. | ||
| 550 | _aJournal of the Clay Minerals Society, 1968-<2003>. | ||
| 650 | 0 |
_aClay _vPeriodicals. _934098 |
|
| 650 | 0 |
_aClay minerals _vPeriodicals. _934099 |
|
| 650 | 0 |
_aClay industries _vPeriodicals. _934100 |
|
| 700 | 1 |
_aBailey, S. W. _934101 |
|
| 710 | 2 |
_aClay Minerals Society. _934102 |
|
| 711 | 2 |
_aNational Conference on Clays and Clay Minerals. _934103 |
|
| 711 | 2 |
_aClay Minerals Conference. _934104 |
|
| 776 | 1 |
_tClays and clay minerals (Online) _x1552-8367 _w(DLC) 2004236701 _w(OCoLC)55200449 |
|
| 780 | 0 | 0 |
_aNational Conference on Clays and Clay Minerals. _tClays and clay minerals _w(DLC) 67024995 |
| 830 | 0 |
_aInternational series of monographs on earth sciences. _934105 |
|
| 942 |
_2ddc _cBK |
||
| 999 |
_c11033 _d11033 |
||